| 000 | 00515nam a2200193Ia 4500 | ||
|---|---|---|---|
| 005 | 20250508154534.0 | ||
| 008 | 008 250505s9999 xx 000 0 eng d | ||
| 020 | _a81-7022-197-8 (Set) | ||
| 037 | _aReference | ||
| 040 |
_aFEDL _beng _cFEDL |
||
| 041 |
_aeng _2eng |
||
| 084 |
_a364.2, SLA _qFEDL |
||
| 100 | _aSlavson S R | ||
| 245 | 0 | _aReclaiming the delinquent | |
| 260 |
_aNew York, USA _bThe Free Press _c1965 |
||
| 300 | _a765p. | ||
| 942 |
_cREF _h364.2, SLA |
||
| 999 |
_c1350810 _d1350810 |
||